000 00454nam a22001817a 4500
003 MPLRDC
005 20220104144147.0
008 210129b ||||| |||| 00| 0 eng d
020 _a7-80146-029-4
082 _a175.9 LLY
100 _a司马南、李力研
245 _a太乙宫黑幕
_c
250 _a初版
260 _a中国
_b中国社会出版社
_c1998
300 _b
650 _a心灵感应; 心理幻术
942 _cBK
_o175.9 LLY
999 _c46951
_d46941